[Event "Tourn. n10049"]
[Site "www.echecsemail.com"]
[Date "2019.03.05"]
[Round "1"]
[White "Cathar"]
[Black "Fantomas"]
[WhiteElo "2140"]
[BlackElo "2190"]
[Result "0-1"]
[Round "1"]
1.e4 e5
2.Ng1f3 Ng8f6
3.Nf3xe5 Qd8e7
4.d4 d6
5.Ne5f3 Qe7xe4
6.Bf1e2 Bc8g4
7.O-O Bf8e7
8.Rf1e1 Qe4d5
9.c4 Qd5a5
10.h3 Bg4d7
11.Be2d3 c6
12.Qd1e2 Qa5d8
13.Bc1g5 Kf8
14.Nb1c3 h6
15.Bg5h4 Nf6g8
16.Bh4g3 Nb8a6
17.a3 Na6c7
18.Ra1d1 Bd7c8
19.b4 Nc7e8
20.c5 d5
21.Nf3e5 Ne8c7
22.Qe2h5 Bc8e6
23.Qh5f3 Ng8f6
24.Nc3e2 Kg8
25.Ne2f4 g5
26.Nf4xe6 Nc7xe6
27.Ne5xf7 Kxf7
28.Re1xe6 Kxe6
29.Qf3f5 Kf7
30.Qf5g6 Kf8
31.Rd1e1 Qd8e8
32.Qg6f5 Qe8f7
33.Re1e6 Nf6e4
34.Bd3xe4 dxe4
35.Qf5xe4 Ra8e8
36.d5 cxd5
37.Qe4xd5 Re8d8
38.Qd5e4 Rd8d7
39.Bg3d6 Rh8h7
40.Re6e5 Ke8
41.b5 Kd8
42.Bd6b8 Be7f6
43.Re5e6 Bf6d4
44.Kh2 Bd4xc5
45.f3 Qf7f8
46.Bb8e5 Rh7f7
47.a4 Bc5d6
48.Be5xd6 Rd7xd6
{ resign }
0-1

[Event "Tourn. n10046"]
[Site "www.echecsemail.com"]
[Date "2019.03.05"]
[Round "1"]
[White "Ssharp"]
[Black "Rons"]
[WhiteElo "2300"]
[BlackElo "2700"]
[Result "0-1"]
[Round "1"]
1.e4 c5
2.c3 d5
3.exd5 Qd8xd5
4.d4 Ng8f6
5.Ng1f3 e6
6.Bf1d3 Bf8e7
7.O-O O-O
8.Bc1e3 cxd4
9.cxd4 Nb8c6
10.Nb1c3 Qd5d6
11.a3 b6
12.Qd1e2 Bc8b7
13.Ra1d1 Ra8d8
14.Rf1e1 Rf8e8
15.Bd3b1 Qd6b8
16.Qe2c2 g6
17.h3 b5
18.Nf3e5 Nc6xe5
19.dxe5 Qb8xe5
20.Rd1xd8 Re8xd8
21.Qc2c1 Qe5b8
22.Be3g5 Qb8d6
23.Bg5xf6 Be7xf6
24.Re1d1 Qd6e5
25.Rd1xd8 Bf6xd8
26.Qc1e3 Qe5xe3
27.fxe3 a6
28.Bb1e4 Bb7c8
29.Kf2 f5
30.Be4c6 Kf7
31.a4 b4
32.Nc3a2 a5
33.Na2c1 Bd8b6
34.Kf3 Ke7
35.e4 Kd6
36.Bc6a8 h5
37.Nc1d3 Bb6d4
38.b3 e5
39.Ba8d5 g5
40.g4 fxg4
41.hxg4 Bc8xg4
42.Kg3 Bg4c8
43.Kf3 h4
{ resign }
0-1

[Event "Match"]
[Site "www.echecsemail.com"]
[Date "2019.03.05"]
[Round "1"]
[White "Calponas"]
[Black "Tbsundar"]
[WhiteElo "2070"]
[BlackElo "2100"]
[Result "0-1"]
[Round "1"]
1.e4 e5
2.Ng1f3 d6
3.d4 Nb8d7
4.Bf1c4 Bf8e7
5.O-O Ng8f6
6.Nf3g5 O-O
7.Bc4xf7 Rf8xf7
8.Ng5e6 Nf6xe4
9.Ne6xd8 Be7xd8
10.dxe5 Nd7xe5
11.Nb1d2 Bc8g4
12.Qd1e1 Ne4g5
13.Nd2e4 Ng5f3
14.Kh1 Nf3xe1
15.Rf1xe1 Bd8h4
16.Bc1e3 b6
17.h3 Bg4f5
18.Be3d4 Bf5xe4
19.Re1xe4 Bh4xf2
20.Ra1f1 Bf2xd4
21.Rf1xf7 Ne5xf7
22.Re4xd4 c5
{ resign }
0-1

[Event "Match"]
[Site "www.echecsemail.com"]
[Date "2019.03.05"]
[Round "1"]
[White "Zack1984"]
[Black "Witpar"]
[WhiteElo "2010"]
[BlackElo "2730"]
[Result "0-1"]
[Round "1"]
1.g3 d5
2.Bf1g2 e5
3.c4 d4
4.d3 c5
5.Ng1f3 Nb8c6
6.O-O Bf8d6
7.e3 Ng8e7
8.Nb1d2 Ne7g6
9.exd4 cxd4
10.a3 a5
11.h4 Bc8g4
12.Qd1c2 O-O
13.Nf3h2 Bg4e6
14.h5 Ng6e7
15.h6 Ne7f5
16.hxg7 Nf5xg7
17.Nd2e4 Bd6e7
18.Nh2f3 f6
19.Ra1b1 a4
20.b4 axb3
21.Rb1xb3 Ra8a7
22.Rb3b5 Rf8f7
23.Rf1e1 Qd8f8
24.Nf3h4 Ng7e8
25.f4 Ne8c7
26.f5 Be6d7
27.Rb5b3 Nc6d8
28.Qc2e2 Bd7a4
29.Rb3b6 Ba4c6
 { time }
0-1

[Event "1/64 Finale"]
[Site "www.chess-mail.com"]
[Date "2019.03.05"]
[Round "1"]
[White "Piriot"]
[Black "Picifarkinca"]
[WhiteElo "2250"]
[BlackElo "2050"]
[Result "0-1"]
[Round "1"]
1.Ng1f3 d5
2.c4 e6
3.g3 Ng8f6
4.Bf1g2 Bf8e7
5.O-O c6
6.b3 Nb8d7
7.Bc1b2 O-O
8.d4 b6
9.e3 Bc8a6
10.Nb1d2 Ra8c8
11.Rf1e1 Nf6e4
12.Nd2xe4 dxe4
13.Nf3d2 { time. }
0-1

[Event "1/16 Finale"]
[Site "www.chess-mail.com"]
[Date "2019.03.05"]
[Round "1"]
[White "Guidom"]
[Black "Cristiano"]
[WhiteElo "2130"]
[BlackElo "2070"]
[Result "1-0"]
[Round "1"]
1.e4 c5
2.Ng1f3 d6
3.c4 Nb8c6
4.Nb1c3 Ng8f6
5.d3 e6
6.Bf1e2 Bf8e7
7.O-O O-O
8.h3 a6
9.a3 Qd8c7
10.Bc1f4 e5
11.Bf4g3 Nc6d4
12.Nf3xd4 cxd4
13.Nc3d5 Nf6xd5
14.cxd5 Qc7d8
15.f4 f6
16.fxe5 fxe5
17.Be2g4 Bc8xg4
18.Qd1xg4 Rf8xf1
19.Ra1xf1 Qd8c8
20.Qg4h5 Qc8e8
21.Qh5f5 Be7f6
22.Rf1c1 Ra8b8
23.Rc1c7 a5
24.Bg3e1 b6
25.g4 Kh8
26.g5 Bf6d8
27.Rc7d7 Bd8xg5
28.Rd7xd6 Bg5e3
29.Kh1 Qe8f8
30.Qf5xf8 Rb8xf8
31.Rd6xb6 Rf8f1
32.Kg2 Rf1g1
33.Kh2 h6
34.Be1xa5 Rg1f1
35.d6 Rf1f2
36.Kg3 Rf2f7
37.Rb6b8 Kh7
38.Ba5c7 Be3f4
39.Kg2 Bf4e3
40.a4 Rf7f2
41.Kg3 Rf2f1
42.d7 Rf1g1
43.Kh2 Rg1f1
44.d8Q Rf1f2
45.Kg3 Rf2f1
46.Qd8g8 Kg6
47.Rb8b6 Rf1f6
48.Rb6xf6 Kxf6
49.Bc7xe5 Kxe5
50.Qg8xg7 Ke6
51.b4 Kd6
52.a5 Kc6
53.Qg7e5 { resign }
1-0

[Event "Fast Game"]
[Site "www.echecsemail.com"]
[Date "2019.03.05"]
[Round "1"]
[White "Esperanza"]
[Black "Hennie4820"]
[WhiteElo "1830"]
[BlackElo "1650"]
[Result "1-0"]
[Round "1"]
1.e4 c5
2.Ng1f3 e6
3.d4 cxd4
4.Nf3xd4 Ng8f6
5.Nb1c3 Qd8b6
6.Ra1b1 Bf8c5
7.Bc1e3 Nb8c6
8.Nc3a4 Qb6a5
9.c3 Nc6xd4
10.Be3xd4 Bc5xd4
11.Qd1xd4 O-O
{ time. }
1-0

[Event "Tourn. n10059"]
[Site "www.echecsemail.com"]
[Date "2019.03.06"]
[Round "1"]
[White "Picifarkinca"]
[Black "Panham"]
[WhiteElo "2050"]
[BlackElo "2250"]
[Result "1-0"]
[Round "1"]
1.Ng1f3 Ng8f6
2.c4 c6
3.Nb1c3 d5
4.cxd5 cxd5
5.d4 Bc8f5
6.Qd1b3 Bf5c8
7.Bc1f4 e6
8.e3 a6
9.Bf1d3 Bf8e7
10.O-O O-O
11.Ra1c1 Nb8c6
12.Bf4g5  { time }
1-0

[Event "Tourn. n10062"]
[Site "www.echecsemail.com"]
[Date "2019.03.06"]
[Round "1"]
[White "Fabos12"]
[Black "Andychesston"]
[WhiteElo "1980"]
[BlackElo "2000"]
[Result "0-1"]
[Round "1"]
1.d4 d5
2.Ng1f3 Ng8f6
3.Bc1f4 Nb8c6
4.c3 Bc8f5
5.h3 e6
6.Nb1d2 Bf8e7
7.Nf3e5 Nc6xe5
8.Bf4xe5 Be7d6
9.Nd2f3 Bd6xe5
10.Nf3xe5 O-O
11.g4 Bf5g6
12.e3 Nf6e4
13.Bf1g2 Qd8h4
14.O-O Ne4g5
15.Kh2 { time. }
0-1

[Event "Match"]
[Site "www.echecsemail.com"]
[Date "2019.03.06"]
[Round "1"]
[White "Eeze"]
[Black "Sonny1000"]
[WhiteElo "1880"]
[BlackElo "1590"]
[Result "1-0"]
[Round "1"]
1.e4 e5
2.Ng1f3 f6
3.Nf3xe5 fxe5
4.Qd1h5 g6
5.Qh5xe5 Kf7
6.Qe5xh8 a6
7.Qh8xh7 Bf8g7
8.Bf1c4 Kf6
9.Bc4xg8 d6
10.Bg8b3 Qd8h8
11.Qh7xh8 Bg7xh8
12.O-O Nb8c6
13.Nb1c3 Nc6d4
14.Rf1e1 Nd4xb3
15.axb3 Bc8d7
16.Nc3d5 Ke5
17.d3 Ra8d8
18.Nd5xc7 Rd8c8
19.f4 Kf6
20.Nc7d5 Ke6
21.c3 Bd7b5
22.Nd5b6 Rc8f8
23.c4 Bb5c6
24.Nb6d5 Bh8d4
25.Kh1 b6
26.Nd5c7 Ke7
27.Ra1xa6 Rf8xf4
28.Bc1xf4 Bd4xb2
29.Ra6xb6 Kd7
30.Nc7b5 Ke6
31.Rb6xc6 Kd7
32.Rc6xd6 Ke7
33.Rd6xg6 Bb2h8
34.d4 Kf7
35.Rg6a6 Kg8
36.e5 Kf8
37.Bf4h6 Kf7
38.Re1f1 Ke7
39.Bh6g5 Bh8f6
40.Rf1xf6 Kd7
41.Ra6a7 Kc8
42.Rf6f8 { resign }
1-0

[Event "Tourn. n10059"]
[Site "www.echecsemail.com"]
[Date "2019.03.06"]
[Round "1"]
[White "Cathar"]
[Black "Bojan"]
[WhiteElo "2140"]
[BlackElo "2020"]
[Result "1-0"]
[Round "1"]
1.e4 e6
2.d4 b6
3.Bf1d3 Bc8b7
4.Ng1f3 d6
5.O-O g6
6.c3 Bf8g7
7.a4 Ng8e7
8.a5 f5
9.Rf1e1 Nb8d7
10.exf5 exf5
11.Bc1g5 Nd7f6
12.Qd1e2 Bb7d5
13.c4 Bd5b7
14.d5 h6
15.Nf3d4 Qd8d7
16.Nd4e6 hxg5
17.Ne6xg7 Kf7
18.a6 Bb7c8
19.Ng7e6 g4
20.Nb1c3 c6
21.Ne6g5 Kf8
22.Bd3c2 Qd7c7
23.Ng5e6 Bc8xe6
24.Qe2xe6 Ne7g8
25.dxc6 Ra8e8
26.Nc3b5 Re8xe6
27.Nb5xc7 Re6xe1
28.Ra1xe1 Ng8e7
29.Bc2a4 Rh8h7
30.Nc7d5 Ne7xd5
31.cxd5 Nf6xd5
32.Re1e8 Kxe8
33.c7 b5
34.c8Q { resign }
1-0

[Event "Tourn. n10085"]
[Site "www.echecsemail.com"]
[Date "2019.03.07"]
[Round "1"]
[White "Claudia"]
[Black "Bojan"]
[WhiteElo "1850"]
[BlackElo "1990"]
[Result "1-0"]
[Round "1"]
1.d4 d5
2.c4 Ng8f6
3.cxd5 Nf6xd5
4.e4 Nd5b6
5.Nb1c3 c6
6.Ng1f3 f6
7.Bc1f4 e6
8.Bf1d3 g6
9.O-O Bf8g7
10.Qd1d2 Nb8d7
11.e5 f5
12.Bf4g5 Qd8c7
13.Bg5h6 Kf7
14.Nf3g5 Kg8
15.Bh6xg7 Nb6d5
16.Bg7xh8 Nd7b6
17.Nc3xd5 Nb6xd5
18.Bh8f6 h6
19.Ng5f3 Nd5xf6
20.exf6 Qc7h7
21.Nf3e5 h5
22.Qd2g5 Kf8
23.Ne5xg6 { resign }
1-0

[Event "Match"]
[Site "www.echecsemail.com"]
[Date "2019.03.07"]
[Round "1"]
[White "Zack1984"]
[Black "Darknight"]
[WhiteElo "2440"]
[BlackElo "1900"]
[Result "0-1"]
[Round "1"]
1.f4 e6
2.Kf2 d5
3.g3 d4
4.c3 Bf8c5
5.cxd4 Bc5xd4
6.e3 Bd4b6
7.Ng1f3 Ng8f6
8.Nb1c3 a6
9.Bf1g2 h6
10.Rh1e1 Nb8c6
11.Kg1 Nc6e7
12.b3 Bc8d7
13.Nf3e5 c6
14.Nc3a4 Bb6a7
15.d4 g6
 { time }
0-1

[Event "Match"]
[Site "www.echecsemail.com"]
[Date "2019.03.07"]
[Round "1"]
[White "Chapi"]
[Black "Calponas"]
[WhiteElo "2090"]
[BlackElo "2070"]
[Result "1-0"]
[Round "1"]
1.d4 Ng8f6
2.c4 g6
3.Nb1c3 d5
4.cxd5 Nf6xd5
5.e4 Nd5xc3
6.bxc3 Bf8g7
7.Ng1f3 O-O
8.Bf1c4 c5
9.Bc1e3 Nb8c6
10.O-O Bc8g4
11.e5 cxd4
12.cxd4 Nc6a5
13.Bc4e2 e6
14.Ra1b1 b6
15.Rb1b4 Ra8c8
16.d5 Qd8xd5
17.Qd1xd5 exd5
18.Rb4xg4 Na5c4
19.Be3d4 Rf8e8
20.Be2d1 Nc4xe5
21.Nf3xe5 Bg7xe5
22.Bd4xe5 Re8xe5
23.Rg4d4 Kg7
24.Bd1b3 Rc8c5
25.Rf1d1 h5
26.Rd4xd5 Rc5xd5
27.Bb3xd5 { resign }
1-0

[Event "Match"]
[Site "www.echecsemail.com"]
[Date "2019.03.07"]
[Round "1"]
[White "Mitja"]
[Black "Bojan"]
[WhiteElo "2110"]
[BlackElo "1980"]
[Result "1-0"]
[Round "1"]
1.d4 d5
2.e3 g6
3.c3 Bf8g7
4.h3 Qd8d6
5.Ng1f3 Ng8f6
6.b3 Bc8d7
7.Bc1b2 Nf6e4
8.Nb1d2 a6
9.Nd2xe4 dxe4
10.Nf3d2 f5
11.Qd1c2 e5
12.dxe5 Qd6xe5
13.Nd2c4 Qe5e7
14.Bf1e2 Nb8c6
15.O-O b5
16.Nc4d2 g5
17.Be2h5 Kd8
18.Bh5e2 Kc8
19.a4 Ra8b8
20.axb5 axb5
21.b4 Nc6e5
22.Nd2b3 h5
23.Nb3c5 Bd7e8
24.Rf1d1 Be8c6
25.Ra1a6 Rb8a8
26.Ra6xa8 Bc6xa8
27.Be2xb5 c6
28.Bb5e2 g4
29.Qc2a4 Kb8
30.Rd1a1 Kc7
31.Qa4a5 Kd6
32.Ra1d1 Ne5d3
33.Be2xd3 exd3
34.Rd1xd3 Ke5
35.c4 { resign }
1-0

[Event "Match"]
[Site "www.echecsemail.com"]
[Date "2019.03.07"]
[Round "1"]
[White "Joseph1983"]
[Black "Micheles"]
[WhiteElo "2240"]
[BlackElo "2480"]
[Result "0-1"]
[Round "1"]
1.Ng1f3 Ng8f6
2.c4 g6
3.Nb1c3 Bf8g7
4.g3 O-O
5.Bf1g2 d6
6.O-O e5
7.d3 Nb8c6
8.Bc1g5 h6
9.Bg5d2 Bc8e6
10.Ra1c1 Qd8d7
11.Rf1e1 Be6h3
12.Bg2h1 Nf6g4
13.Nc3d5 f5
14.Nf3h4 g5
15.Bh1g2 Bh3xg2
16.Nh4xg2 f4
17.f3 Ng4f6
18.Nd5xf6 Rf8xf6
19.g4 h5
20.h3 Nc6d4
21.Bd2b4 Kf7
22.Kf2 Rf6h6
23.e3 fxe3
24.Re1xe3 hxg4
25.fxg4 Ra8f8
26.Kg1 Kg8
27.Bb4c3 Qd7f7
28.Qd1f1 Rh6f6
29.Qf1d1 Nd4f3
30.Kh1 Rf6h6
31.Ng2e1 Rh6xh3
32.Kg2 Rh3h2
{ resign }
0-1

[Event "Tourn. n10080"]
[Site "www.echecsemail.com"]
[Date "2019.03.07"]
[Round "1"]
[White "Bojan"]
[Black "Coolant"]
[WhiteElo "2020"]
[BlackElo "2290"]
[Result "0-1"]
[Round "1"]
1.e4 c5
2.e5 Nb8c6
3.f4 d5
4.c3 Bc8f5
5.g4 e6
6.h4 Bf5e4
7.Rh1h2 h5
8.gxh5 Bf8e7
9.Qd1g4 Ng8h6
10.Qg4xg7 Rh8h7
11.Qg7g3 Be4xb1
12.Ra1xb1 Kd7
13.Ng1f3 Nh6f5
14.Qg3f2 Rh7xh5
15.Nf3g5 Be7xg5
16.hxg5 Qd8h8
17.Rh2xh5 Qh8xh5
18.Qf2xc5 Ra8h8
19.Qc5g1 Qh5f3
20.d3 Rh8h1
21.Qg1f2 Qf3xd3
22.Rb1a1 Nf5g3
{ resign }
0-1

[Event "Tourn. n10087"]
[Site "www.echecsemail.com"]
[Date "2019.03.07"]
[Round "1"]
[White "Mitja"]
[Black "Bojan"]
[WhiteElo "2090"]
[BlackElo "1980"]
[Result "1-0"]
[Round "1"]
1.d4 c5
2.dxc5 e6
3.c3 Bf8xc5
4.e3 Ng8f6
5.h3 a6
6.b3 Qd8e7
7.Bc1b2 d5
8.Ng1f3 Bc8d7
9.Bf1e2 Bd7c6
10.O-O Qe7d6
11.Qd1c2 Nb8d7
12.Nf3d4 Bc5b6
13.Nb1d2 Nd7c5
14.Nd4xc6 bxc6
15.Rf1d1 e5
16.Nd2f1 g6
17.a4 Ke7
18.c4 Qd6e6
19.cxd5 Nf6xd5
20.a5 Bb6c7
21.Qc2xc5 Bc7d6
22.Qc5xc6 Rh8c8
23.Qc6xd5 Ra8b8
24.Be2c4 Qe6f6
25.f4 Rc8c5
26.fxe5 { resign }
1-0

[Event "Match"]
[Site "www.echecsemail.com"]
[Date "2019.03.07"]
[Round "1"]
[White "Peterpawn"]
[Black "Karlgrocer"]
[WhiteElo "1499"]
[BlackElo "1910"]
[Result "1-0"]
[Round "1"]
1.e4 c5
2.Ng1f3 d6
3.d4 cxd4
4.Nf3xd4 Ng8f6
5.Nb1c3 e6
6.Bc1e3 Bf8e7
7.Bf1e2 O-O
8.O-O a6
9.Be3g5 b5
10.a3 Bc8b7
11.Be2f3 Nf6d7
12.Bg5xe7 Qd8xe7
13.b3 Nd7e5
14.Bf3e2 Nb8c6
15.Nd4xc6 Ne5xc6
16.b4 Ra8d8
17.a4 Nc6xb4
18.axb5 axb5
19.Nc3xb5 Bb7xe4
20.c3 Nb4d5
21.Qd1d4 Be4f5
22.Be2f3 Nd5f6
23.Ra1a7 Nf6d7
24.Qd4xd6 Qe7xd6
25.Nb5xd6 Nd7e5
26.Nd6xf5 Ne5xf3
27.gxf3 Rd8d3
28.Nf5e7 Kh8
29.Rf1a1 g6
30.Ra7a8 Rf8xa8
31.Ra1xa8 Kg7
32.c4 { resign }
1-0

[Event "Tourn. n10032"]
[Site "www.echecsemail.com"]
[Date "2019.03.07"]
[Round "1"]
[White "Fabos12"]
[Black "Sorim"]
[WhiteElo "1950"]
[BlackElo "2080"]
[Result "1-0"]
[Round "1"]
1.d4 Ng8f6
2.Ng1f3 d5
3.g3 Bc8f5
4.c3 e6
5.Bf1g2 c5
6.Nf3h4 Bf5g6
7.O-O Bf8e7
8.Rf1e1 O-O
9.Nh4xg6 hxg6
10.e4 cxd4
11.e5 Nf6d7
12.cxd4 Nb8c6
13.Bc1e3 Ra8c8
14.a3 Kh7
15.b4 Rf8h8
16.Nb1d2 Be7g5
17.f4 Bg5e7
18.Ra1c1 g5
19.fxg5 Be7xg5
20.Qd1h5 Bg5h6
21.Qh5xf7 Nc6xe5
22.Qf7xe6 Bh6xe3
23.Re1xe3 Rc8xc1
24.Nd2f1 Rh8e8
25.Qe6h3 Kg6
26.dxe5 Re8xe5
27.Qh3g4 Qd8g5
28.Qg4xg5 Re5xg5
29.h4 Rg5f5
30.Bg2h3 Rf5e5
31.Kf2 Rc1c2
32.Kf3 Re5xe3
33.Nf1xe3 Nd7e5
34.Kf4 Ne5d3
35.Kf3 Rc2f2
36.Kg4 Rf2f4
37.gxf4 { resign }
1-0

[Event "Match"]
[Site "www.echecsemail.com"]
[Date "2019.03.08"]
[Round "1"]
[White "Bojan"]
[Black "Mitja"]
[WhiteElo "1990"]
[BlackElo "2090"]
[Result "0-1"]
[Round "1"]
1.Ng1f3 d5
2.e3 e6
3.g3 c6
4.b3 Qd8f6
5.c3 h6
6.Nf3d4 Qf6e7
7.f4 Ng8f6
8.d3 Qe7d7
9.Nb1d2 b6
10.Nd4f3 Qd7c7
11.h3 Bc8b7
12.Bc1b2 Bf8e7
13.Bf1g2 Nb8d7
14.Qd1e2 Bb7a6
15.c4 dxc4
16.dxc4 Ba6b7
17.Kf2 Nd7c5
18.Nf3e5 Nc5d7
19.Ne5xd7 Qc7xd7
20.Rh1d1 O-O
21.Nd2e4 Nf6xe4
22.Bg2xe4 Qd7c8
23.Rd1d3 Rf8d8
24.Ra1d1 Rd8xd3
25.Rd1xd3 Qc8e8
26.Qe2g4 Be7f8
27.Qg4e2 Ra8d8
28.g4 Rd8xd3
29.Qe2xd3 Qe8e7
30.Kg3 c5
31.Be4xb7 Qe7xb7
32.e4 Bf8e7
33.h4 Qb7c7
34.Qd3c3 Be7f6
35.e5 Bf6e7
36.Qc3d3 Qc7c6
37.Qd3f1 a5
38.a4 Qc6e4
39.Qf1d1 Qe4e3
40.Qd1f3 Be7xh4
41.Kg2 Qe3d2
42.Kh3 Qd2xb2
43.Kxh4 Qb2h2
44.Qf3h3 Qh2xf4
45.Qh3g2 Qf4g5
46.Kh3 Qg5xe5
47.Qg2f3 g5
48.Kg2 Kg7
49.Qf3d1 Qe5e4
50.Kg3 e5
51.Kh3 Qe4d4
52.Qd1c2 e4
53.Kg3 Qd4d3
54.Qc2xd3 exd3
55.Kf3 d2
56.Ke2 Kg6
57.Kxd2 f5
58.gxf5 Kxf5
59.Ke3 g4
60.Kf2 Kf4
61.Kg2 h5
62.Kh2 h4
63.Kg2 g3
64.Kh3 Kf3
{ resign }
0-1

[Event "Tourn. n10075"]
[Site "www.echecsemail.com"]
[Date "2019.03.08"]
[Round "1"]
[White "Cal"]
[Black "Claudia"]
[WhiteElo "1860"]
[BlackElo "1850"]
[Result "0-1"]
[Round "1"]
1.d4 d5
2.h3 e6
3.a3 Ng8f6
4.e3 c5
5.dxc5 Bf8xc5
6.Nb1c3 O-O
7.f3 Nb8c6
8.g4 d4
9.exd4 Bc5xd4
10.Nc3e2 Bd4f2
11.Kxf2 Qd8xd1
12.h4 Qd1xc2
13.Kg3 e5
14.Rh1h2 e4
15.g5 Nf6h5
16.Kf2 exf3
17.Kxf3 Qc2d3
18.Kf2 Nc6d4
19.Rh2h3 Bc8xh3
20.Ne2f4 Qd3g3
{ resign }
0-1

[Event "Tourn. n10051"]
[Site "www.echecsemail.com"]
[Date "2019.03.08"]
[Round "1"]
[White "Cemaah"]
[Black "Comrade"]
[WhiteElo "2400"]
[BlackElo "2270"]
[Result "1-0"]
[Round "1"]
1.e4 c5
2.Ng1f3 e6
3.d4 cxd4
4.Nf3xd4 Nb8c6
5.Nb1c3 Bf8b4
6.Nd4b5 d5
7.exd5 exd5
8.Qd1xd5 Qd8e7
9.Bc1e3 Bc8e6
10.Qd5g5 Ng8f6
11.a3 Bb4a5
12.Be3c5 Ba5xc3
13.Nb5xc3 Qe7d8
14.Ra1d1 Nf6d5
15.Qg5xg7 Qd8f6
16.Nc3xd5 { resign }
1-0

[Event "Tourn. n10038"]
[Site "www.echecsemail.com"]
[Date "2019.03.08"]
[Round "1"]
[White "Luban"]
[Black "Apdash"]
[WhiteElo "2130"]
[BlackElo "2230"]
[Result "0-1"]
[Round "1"]
1.d4 d5
2.Ng1f3 Ng8f6
3.h3 g6
4.e3 Bf8g7
5.c4 e6
6.Nb1c3 c6
7.Bf1d3 O-O
8.O-O Nb8d7
9.Rf1e1 dxc4
10.Bd3xc4 b5
11.Bc4d3 a6
12.e4 Bc8b7
13.a3 c5
14.Bc1f4 cxd4
15.Nf3xd4 e5
16.Nd4e2 exf4
17.Ne2xf4 Nd7e5
18.Bd3c2 Qd8xd1
19.Bc2xd1 Rf8d8
20.Bd1b3 Rd8d2
21.Ra1b1 Ra8c8
22.Nc3d5 Nf6xd5
23.Nf4xd5 Kf8
24.Re1d1 Ne5c4
25.Bb3xc4 Rd2xd1
26.Rb1xd1 bxc4
27.Nd5b6 Rc8c6
28.Nb6a4 Ke7
29.f3 Rc6d6
30.Na4c3 Rd6xd1
31.Nc3xd1 Bb7c6
32.Kf1 Bc6a4
33.Nd1c3 Bg7xc3
34.bxc3 Kd6
35.Ke2 Ke5
36.g3 Ba4d7
37.h4 h5
38.Ke3 Bd7h3
39.f4 Ke6
40.Kd4 Bh3f1
41.Kc5 Bf1d3
42.Kb6 Bd3xe4
43.Kxa6 Kf5
{ resign }
0-1

[Event "Tourn. n10037"]
[Site "www.echecsemail.com"]
[Date "2019.03.08"]
[Round "1"]
[White "Obisporey"]
[Black "Cemaah"]
[WhiteElo "2590"]
[BlackElo "2360"]
[Result "1-0"]
[Round "1"]
1.e4 c5
2.Ng1f3 d6
3.d4 cxd4
4.Nf3xd4 Ng8f6
5.Nb1c3 a6
6.Bf1e2 e5
7.Nd4b3 Bc8e6
8.f4 Qd8c7
9.g4 h6
10.g5 hxg5
11.fxg5 Nf6d7
12.Be2g4 Nb8c6
13.Bc1e3 Bf8e7
14.Qd1e2 O-O-O
15.Nc3d5 Be6xd5
16.exd5 Nc6a5
17.O-O f6
18.Nb3d2 b5
19.a4 Na5c4
20.axb5 Nc4xe3
21.Qe2xe3 { resign }
1-0

[Event "Tourn. n10076"]
[Site "www.echecsemail.com"]
[Date "2019.03.08"]
[Round "1"]
[White "Balbyns"]
[Black "Cathar"]
[WhiteElo "2190"]
[BlackElo "2150"]
[Result "1-0"]
[Round "1"]
1.e4 c5
2.Ng1f3 d6
3.d4 cxd4
4.Nf3xd4 Ng8f6
5.Nb1c3 a6
6.Bf1d3 Nb8d7
7.O-O g6
8.Rf1e1 Bf8g7
9.Bc1e3 O-O
10.h3 Nd7c5
11.Qd1d2 Qd8c7
12.Ra1c1 b5
13.Be3h6 Bc8b7
14.Bh6xg7 Kxg7
15.b4 Nc5d7
16.Nc3e2 Nd7b6
17.Ne2f4 e5
18.Nf4e6 { resign }
1-0

[Event "Tourn. n10042"]
[Site "www.echecsemail.com"]
[Date "2019.03.08"]
[Round "1"]
[White "Gimmyg"]
[Black "Reignblowcan"]
[WhiteElo "2580"]
[BlackElo "2520"]
[Result "0-1"]
[Round "1"]
1.Nb1c3 Nb8c6
2.d4 e6
3.e4 Bf8b4
4.Ng1f3 d5
5.e5 b6
6.Bf1d3 Bb4xc3
7.bxc3 Ng8e7
8.O-O h6
9.Nf3h4 Bc8b7
10.Qd1g4 g6
11.a4 Qd8d7
12.Nh4f3 Ne7f5
13.Bd3b5 a6
14.Bb5d3 Nc6a5
15.Bd3xf5 gxf5
16.Qg4h4 Qd7e7
17.Bc1g5 Qe7f8
18.Bg5f6 Rh8g8
19.Nf3d2 Kd7
20.Nd2b3 Na5c4
21.a5 Bb7c6
22.Rf1b1 Kc8
23.Kh1 Bc6b5
24.h3 Rg8g6
25.Qh4f4 Kb7
26.axb6 cxb6
27.Nb3d2 Nc4xd2
28.Qf4xd2 Ra8c8
29.Rb1g1 h5
30.Qd2e3 Qf8h6
31.f4 h4
32.Bf6g5 Qh6h5
33.Kh2 Qh5e2
34.Qe3xe2 Bb5xe2
35.Ra1a2 Rc8xc3
36.Bg5xh4 Rg6g8
37.Rg1e1 Be2c4
38.Ra2b2 Kc6
39.Re1b1 b5
40.Rb1a1 Kb7
41.Bh4f2 Rg8c8
42.Bf2h4 Rc3e3
43.Bh4f6 Re3e2
44.h4 Rc8g8
45.Ra1g1 Re2f2
46.h5 Rf2xf4
47.c3 Rf4e4
48.g4 fxg4
49.Rb2d2 Re4e2
50.Rg1g2 g3
{ resign }
0-1

[Event "Match"]
[Site "www.echecsemail.com"]
[Date "2019.03.08"]
[Round "1"]
[White "Eeze"]
[Black "Cal"]
[WhiteElo "1830"]
[BlackElo "1830"]
[Result "1-0"]
[Round "1"]
1.e4 e5
2.Ng1f3 d6
3.h3 a6
4.c3 Ng8f6
5.d3 Nb8c6
6.b4 b5
7.Bc1g5 Bf8e7
8.Nb1d2 Nf6h5
9.Bg5xe7 Nc6xe7
10.Nf3xe5 Nh5f4
11.Ne5f3 h6
12.g3 Nf4e6
13.d4 O-O
14.a4 Bc8b7
15.d5 Ne6g5
16.Nf3xg5 hxg5
17.h4 gxh4
18.Rh1xh4 g6
19.Bf1h3 Kg7
20.Nd2f3 Ne7g8
21.Qd1d4 f6
22.Nf3g5 Ng8h6
23.Ng5e6 Kf7
24.Ne6xd8 Ra8xd8
25.Rh4xh6 Kg7
26.Rh6h4 c5
27.bxc5 dxc5
28.Qd4xc5 Rf8e8
29.Qc5c7 Kg8
30.Qc7h7 Kf8
31.Qh7h8 Ke7
32.Qh8g7 Kd6
33.Qg7xb7 Ke5
34.axb5 axb5
35.Bh3e6 Rd8d6
36.Be6f7 Re8d8
37.Qb7e7 { resign }
1-0

[Event "Tourn. n10037"]
[Site "www.echecsemail.com"]
[Date "2019.03.08"]
[Round "1"]
[White "Drawlward"]
[Black "Cemaah"]
[WhiteElo "2670"]
[BlackElo "2360"]
[Result "1-0"]
[Round "1"]
1.e4 c5
2.Ng1f3 d6
3.d4 cxd4
4.Nf3xd4 Ng8f6
5.Nb1c3 a6
6.Bc1e3 e5
7.Nd4b3 Bf8e7
8.f3 Bc8e6
9.Qd1d2 O-O
10.O-O-O Nb8d7
11.g4 b5
12.g5 b4
13.Nc3e2 Nf6e8
14.f4 a5
15.Kb1 a4
16.Nb3c1 b3
17.f5 bxa2
18.Nc1xa2 Be6xa2
19.Kxa2 Qd8b8
20.f6 Ne8xf6
21.gxf6 Nd7xf6
22.Ne2c3 Qb8b7
23.Rh1g1 Rf8b8
24.Rd1b1 Nf6xe4
25.Nc3xe4 Qb7xe4
26.Bf1g2 Qe4c4
27.Ka1 { resign }
1-0

[Event "Match"]
[Site "www.echecsemail.com"]
[Date "2019.03.08"]
[Round "1"]
[White "Sonny1000"]
[Black "Carsontwhite"]
[WhiteElo "1590"]
[BlackElo "1619"]
[Result "1-0"]
[Round "1"]
1.d4 f5
2.Bc1f4 e5
3.Bf4xe5 d5
4.Nb1c3 g5
5.Be5xh8 c5
6.Ng1f3 Ng8h6
7.dxc5 a5
8.Nc3xd5 Nh6g4
9.Nd5b6 Ra8a6
10.Qd1xd8 Kxd8
11.Ra1d1 Bc8d7
12.Nb6xd7 Nb8xd7
13.Rd1d5 Ra6g6
14.Rd5xf5  { time }
1-0

[Event "Match"]
[Site "www.echecsemail.com"]
[Date "2019.03.08"]
[Round "1"]
[White "Joseph1983"]
[Black "Joseph1983"]
[WhiteElo "2110"]
[BlackElo "2110"]
[Result "0-1"]
[Round "1"]
1.Ng1f3 d5
2.d3 Nb8c6
3.Bc1f4 Bc8f5
4.Nb1d2 Ng8f6
5.c4 dxc4
6.Nd2xc4 e6
7.Nf3e5 Nc6xe5
8.Nc4xe5 Qd8d4
9.Bf4g3 Bf8b4
10.Qd1d2 Bb4xd2
11.Kd1 Nf6g4
12.h3 Bd2a5
13.hxg4 Qd4b4
14.Ne5xf7 Qb4d2

0-1

[Event "1/16 Finale"]
[Site "www.chess-mail.com"]
[Date "2019.03.08"]
[Round "1"]
[White "Gvladutz"]
[Black "Buchauer"]
[WhiteElo "2490"]
[BlackElo "2840"]
[Result "0-1"]
[Round "1"]
1.Ng1f3 Ng8f6
2.c4 g6
3.Nb1c3 Bf8g7
4.e4 d6
5.d4 O-O
6.Bf1e2 e5
7.O-O Nb8c6
8.d5 Nc6e7
9.Nf3d2 a5
10.a3 Nf6d7
11.Ra1b1 f5
12.b4 Kh8
13.f3 Ne7g8
14.Qd1c2 Ng8h6
15.Nc3b5 axb4
16.axb4 Nd7f6
17.c5 Bc8d7
18.Nb5c3 Nf6h5
19.Be2b5 Bd7c8
20.cxd6 cxd6
21.Kh1 f4
22.Kg1 g5
23.Bc1b2 g4
24.Nc3a4 Nh6f7
25.Nd2c4 gxf3
26.Rf1xf3 Nf7g5
27.Rf3f2 f3
28.Na4b6 fxg2
29.Rf2xg2 Bc8h3
30.Kh1 Bh3xg2
31.Qc2xg2 Nh5f4
32.Qg2g4 Ng5xe4
33.Rb1f1 Nf4d3
34.Rf1xf8 Qd8xf8
35.Qg4e2 Ne4f2
36.Kg2 Nd3f4
37.Kxf2 Nf4xe2
38.Kxe2 Ra8a2
39.Nc4d2 e4
40.Bb2xg7 Qf8xg7
41.Nb6c4 Qg7d4
42.Kf1 Qd4d3
43.Kg1 Qd3e2
44.Nc4e3 Qe2xe3
45.Kh1 Qe3xd2
46.Bb5e2 Qd2xe2
{ resign }
0-1

[Event "Tourn. n10070"]
[Site "www.echecsemail.com"]
[Date "2019.03.09"]
[Round "1"]
[White "Souricette64"]
[Black "Cemaah"]
[WhiteElo "2229"]
[BlackElo "2470"]
[Result "0-1"]
[Round "1"]
1.d4 Ng8f6
2.Bc1g5 e6
3.e4 d5
4.e5 h6
5.Bg5e3 Nf6d7
6.f4 c5
7.c3 Nb8c6
8.Ng1f3 a6
9.Qd1d2 b5
10.dxc5 Bf8xc5
11.Bf1d3 Qd8b6
12.Be3xc5 Nd7xc5
13.b4 Nc5xd3
 { time }
0-1

[Event "Tourn. n10070"]
[Site "www.echecsemail.com"]
[Date "2019.03.09"]
[Round "1"]
[White "Rons"]
[Black "Souricette64"]
[WhiteElo "2680"]
[BlackElo "2229"]
[Result "1-0"]
[Round "1"]
1.e4 e6
2.d4 d5
3.Nb1c3 Ng8f6
4.e5 Nf6d7
5.f4 c5
6.Ng1f3 Nb8c6
7.Bc1e3 a6
8.Nc3e2 b5
9.g3 Qd8b6
10.c3 Ra8b8
11.Bf1g2 b4
12.O-O a5
13.f5 Bf8e7
14.Ne2f4 Nd7f8
15.Nf4h5 g6
16.Nh5g7  { time }
1-0

[Event "Match"]
[Site "www.echecsemail.com"]
[Date "2019.03.09"]
[Round "1"]
[White "Zack1984"]
[Black "Llord"]
[WhiteElo "2440"]
[BlackElo "1950"]
[Result "0-1"]
[Round "1"]
1.f4 Nb8c6
2.Kf2 e5
3.fxe5 Nc6xe5
4.Ng1f3 Ne5xf3
5.exf3 Bf8c5
6.d4 Bc5b6
7.c3 Ng8f6
8.Qd1e2 Kf8
9.h4 d5
10.h5 c5
11.Bc1e3 c4
12.Nb1d2 Bc8e6
13.h6 g6
14.g4 Ke7
15.Be3g5 Qd8d6
16.Ra1e1 Rh8e8
17.Kg2 Bb6d8
18.Qe2e5 Qd6xe5
19.dxe5 Kf8
20.Bg5xf6 Bd8xf6
21.exf6 a5
22.Kg3 a4
23.Rh1h2 a3
24.b4 cxb3
25.Nd2xb3 Re8c8
 { time }
0-1